Datum a čas kvízu

43.5 Celkem bodů Celkový počet nahraných bodů na tomto kvízu bez doplňovacích otázek.
1. Pořadí na kvízu Konečné umístění týmu na tomto kvízu.

Zaznamenané odpovědi

# Otázka Odpověď Body Výsledky
1. Památkou roku 2024 se stala op... České Budějovice 0
2. Při rekonstrukci budovy radnic... Andy Warhol 1
3. Nová streamovací platforma One... Monyová 1
4. Sněmovna minulý týden ve třetí... mařiče energií (elektřiny) 1
5. Česká sportovkyně Renata Zacho... v judu 1
6. Opuštěné budovy mají pro řadu... B) urbex 1
7. Napište jméno města, v němž se... Pripjať 1
8. V Kolmanskopu v jihozápadní Af... Namib/Namibská poušť 1
9. Velmi smutný osud potkal celou... Sarajevo, 1984 1
10. Toto opuštěné městečko, působí... v Turecku 1